Dictionnaire Hachette (Record no. 42700)
[ view plain ]
| 000 -Etiqueta do registo | |
|---|---|
| Valores | 00366nam a2200157 4500 |
| 100 ## - Dados gerais de processamento | |
| Dados gerais | 20240219 pory50 |
| 101 ## - Língua de publicação | |
| Língua | fra |
| 102 ## - País de publicação | |
| País | FRA |
| 200 ## - Titulo e menção de responsabilidade | |
| Título próprio | Dictionnaire Hachette |
| Informação de outro título | Langue Encyclopedie Noms props |
| 210 ## - Publicação | |
| Local de publicação | Paris |
| Nome do editor | SPADEM - ADAGP |
| Data de publicação | 1980 |
| 215 ## - Descrição física | |
| Paginação / Volumes | 1408 p. |
| 675 ## - CDU | |
| Notação | (038) |
| 801 ## - Fonte de origem | |
| País | PT |
| Regras de catalogação | RPC |
| 990 ## - Elementos KOHA | |
| Tipo de documento | Livro |
| Aquisição | Empréstimo | Código de barras | Cota | Permissão de empréstimo | Tipo de documento |
|---|---|---|---|---|---|
| Biblioteca Escolar Doutor Hernâni Cidade | Biblioteca Escolar Doutor Hernâni Cidade | 55965 | 038 AA.VV. LING. FRAN. | Livro |